000
00294nam a2200109Ia 4500
008
171211s9999 xx 000 0 und d
020
_a
9780857112651
100
_a
Preston, Claire L.
245
_a
Stockley's Drug Interactions 2016
260
_b
Pharmaceutical Press
_c
2016
300
_a
711 pages
999
_c
350814
_d
350814